External environment as important determinant of business strategy

Obsahové vymedzenie pojmu externé podnikateľské prostredie. Analýza externého podnikateľského prostredia, jeho trendy.

Gespeichert in:
Bibliographische Detailangaben
1. Verfasser: Dudáš-Pajerská, Erika, 1988-
Format: Buchkapitel
Sprache:Englisch
Schlagworte:
Tags: Tag hinzufügen
Keine Tags, Fügen Sie das erste Tag hinzu!

MARC

LEADER 00000nla a2200000 4500
001 0222661
005 20240523064806.4
041 0 |a eng 
044 |a SK 
245 1 0 |a External environment as important determinant of business strategy  |c Erika Dudáš-Pajerská 
520 |a Obsahové vymedzenie pojmu externé podnikateľské prostredie. Analýza externého podnikateľského prostredia, jeho trendy. 
610 2 0 |a stratégia podniková 
610 2 0 |a prostredie ekonomické 
610 2 0 |a prostredie podnikateľské 
610 2 0 |a manažment strategický 
100 1 |a Dudáš-Pajerská, Erika, 1988-